Mathématiques par lettre - D - Statistiques

Statistiques générales
  • Ce quiz a été pris 511 fois
  • Le résultat moyen est 15 sur 20
Statistiques - réponses
Hint Réponse % Correct
Quatrième lettre grecque Delta
97%
Vaut 1+1 Deux
96%
Opération inverse de la multiplication Division
94%
Nombre en bas dans une fraction Dénominateur
91%
Qui va du plus grand vers le plus petit Décroissant
90%
Unité de mesure des angles Degré
90%
Angle valant pi/2 radians Droit
85%
Polygone à 10 côtés Décagone
84%
Manière usuelle d'écrire les nombres avec une virgule Décimale
84%
Segment joignant deux points d'un cercle, d'une sphère, passant par son centre Diamètre
83%
Résultat de la soustraction Différence
75%
Si a*(b+c) = a*b + a*c Distributivité
69%
Pour ax^2 + bx + c = 0, c'est b^2 - 4ac Discriminant
68%
A donné son nom à l'adjectif cartésien Descartes
67%
On peut inverser une matrice s'il n'est pas nul Déterminant
66%
Segment qui joint deux sommets non voisins d'un polygone Diagonale
64%
Deux ensembles dont l'intersection est vide Disjoints
54%
Méthode d'encadrement d'une valeur par réduction de moitié à chaque itération Dichotomie
50%
Expression donnant le rapport entre les variations infinitésimales de la fonction et les variations infinitésimales de son argument Dérivée
49%
Fraction ayant une puissance de 2 au dénominateur Dyadique
5%
Aucun quiz correspondant
Distribution des résultats
% des personnes avec chaque résultat
Percentile par nombre de réponses
Votre historique - résultats
Vous n’avez pas pris ce quiz